000 00411nam a22001577a 4500
008 160711b xxu||||| |||| 00| 0 eng d
020 _a978-989-702-158-9
080 _a134.3
100 _aGuegues.Helder
245 _aEm Portugues se faz Favor
_cHelder Guegues
250 _a1.ed
260 _aLisboa
_bGuerra e paz editora
_c2015
300 _a279p
_b
_c
_e
_f
_g
650 _aPortugues
942 _2udc
_cBK
999 _c37572
_d37572